Gdzie leży stolica na mapie? - quiz wielokrotnego wyboru - Statystyki

Ogólne statystyki
  • Ten quiz został rozwiązany 3 871 razy
  • Średni wynik to 10 z 15
Statystyki odpowiedzi
Zagadnienie Odpowiedź % Poprawnych
Gdzie leży stolica Niemiec?
95%
Gdzie leży stolica Francji?
89%
Gdzie leży stolica Hiszpanii?
84%
Gdzie leży stolica Wielkiej Brytanii?
83%
Gdzie leży stolica Turcji?
75%
Gdzie leży stolica Szwecji?
73%
Gdzie leży stolica Stanów Zjednoczonych?
67%
Gdzie leży stolica Indii?
65%
Gdzie leży stolica Egiptu?
65%
Gdzie leży stolica Japonii?
65%
Gdzie leży stolica Brazylii?
64%
Gdzie leży stolica Australii?
64%
Gdzie leży stolica Chin?
59%
Gdzie leży stolica Kanady?
58%
Gdzie leży stolica Maroka?
37%
Nie znaleziono quizów pasujących do podanych kryteriów
Rozkład punktacji
Procent ludzi z każdym wynikiem
Percentyl według liczby udzielonych odpowiedzi
Twoja historia wyników
Nie rozwiązałeś tego quizu